Seemingly Unrelated Trivia V Quiz Stats

 Plays Quiz Updated Jun 27, 2018

Challenge
Share
Tweet
Embed
Score 0/12 Timer 04:00
5 Plays Today
Question Answer % Correct
This is the character voiced by Eddie Murphy in the Shrek filmsDonkey
89.6%
Since 2001, this Homer Simpson interjection has been in the OEDdoh
82.3%
This coder used combinations of long and short sounds to represent letters and numbersMorse
79.8%
L. Frank Baum land, a prison TV show, or AustraliaOz
71.9%
This wizard taught potions for most of Harry Potter's schoolingSnape
69.2%
In French, it's manger; in Spanish, it's comereat
67.1%
This condition of painful swollen joints is often related to a rich dietgout
65.4%
These are literally teachers or masters of Judaismrabbis
56.5%
River flowing through RomeTiber
54.1%
In 'Great Expectations', the main character, who falls for Estella, is known by this nicknamePip
48.8%
This is the literary partner, and boss, of JeevesWooster
31%
Region of Spain that was a kingdom once led by Ferdinand IIAragón
23.3%

You're not logged in!

Compare scores with friends on all Sporcle quizzes.
Join for Free
OR
Log In

You Might Also Like...

Show Comments

Extras

Top Quizzes Today


Score Distribution

Your Account Isn't Verified!

In order to create a playlist on Sporcle, you need to verify the email address you used during registration. Go to your Sporcle Settings to finish the process.

Report this User

Report this user for behavior that violates our Community Guidelines.

Details: